| 000 | 00931nam a22002417a 4500 | ||
|---|---|---|---|
| 999 |
_c16923 _d16923 |
||
| 003 | AR-CdUCM | ||
| 008 | 190506b ||||| |||| 00| 0 spa d | ||
| 040 |
_aMUNICIPALIDAD PROVINCIAL DEL CUSCO _cBIBLIOTECA MUNICIPAL DEL CUSCO |
||
| 041 | _heng | ||
| 082 |
_a509.01 / _bSA26 |
||
| 100 |
_aSarton, George _936676 |
||
| 245 |
_aHistoria de la ciencia : _bCiencia y cultura helenísticas en los últimos tres siglos a. c. / |
||
| 260 |
_aBuenos Aires : _bEUDEBA, _c1965. |
||
| 300 |
_aXXVI, 224 páginas ; _bfiguras, _c22.5 cm. |
||
| 440 |
_aBiblioteca El Hombre y su sombra / La vida de la Ciencia. _936677 |
||
| 505 | _aContenido: v.3: El siglo tercero -- Pliego de láminas -- Los dos siglos anteriores a Cristo. | ||
| 650 |
_aCiencia antigua _936678 |
||
| 650 |
_aAstronomía _920572 |
||
| 650 |
_aEl renacimiento _913044 |
||
| 700 |
_aBabini, José (traducción) _936679 |
||
| 942 |
_2ddc _cLIBROS |
||
| 945 |
_aachl _d2019-05-06 |
||